Teórie hospodárskeho cyklu od 30. rokov 20. storočia
Rozdielne názory v ekonomickej literatúre na chápanie podstaty a príčiny vzniku hospodárskeho cyklu. Keynesova teória hospodárskeho rastu. Teória hospodárskeho cyklu na princípe pôsobenia mechanizmu multiplikátora a akcelerátora. Monetárne teórie hospodárskeho cyklu.Teória reálneho hospodárskeho cyk...
Salvato in:
| Autore principale: | |
|---|---|
| Natura: | Capitolo di libro |
| Lingua: | slovacco |
| Soggetti: | |
| Tags: |
Nessun Tag, puoi essere il primo ad aggiungerne!!
|
MARC
| LEADER | 00000naa$a2200000$$$4500 | ||
|---|---|---|---|
| 001 | 0097217 | ||
| 005 | 20240502072057.5 | ||
| 041 | 0 | |a slo | |
| 044 | |a SK | ||
| 245 | 1 | 0 | |a Teórie hospodárskeho cyklu od 30. rokov 20. storočia |c Eleonóra Matoušková |
| 520 | |a Rozdielne názory v ekonomickej literatúre na chápanie podstaty a príčiny vzniku hospodárskeho cyklu. Keynesova teória hospodárskeho rastu. Teória hospodárskeho cyklu na princípe pôsobenia mechanizmu multiplikátora a akcelerátora. Monetárne teórie hospodárskeho cyklu.Teória reálneho hospodárskeho cyklu. | ||
| 610 | 2 | 0 | |a teórie ekonomické |
| 610 | 2 | 0 | |a cykly hospodárske |
| 610 | 2 | 0 | |a teória cyklu |
| 610 | 2 | 0 | |a rast hospodársky |
| 610 | 2 | 0 | |a recesia |
| 610 | 2 | 0 | |a keynesizmus |
| 610 | 2 | 0 | |a teória peňažná |
| 610 | 2 | 0 | |a monetarizmus |
| 100 | 1 | |a Matoušková, Eleonóra, 1962- | |